00495nam a22001692 4500001001100000005001700011008004100028020001300069040001500082100003000097245004500127250001300172260003900185300001200224650003700236651005200273000000957820151217155840.0081111s xx 000 0 eng d cDonation aKABUcKABU1 aDundas, Anne.@000016128510aBeneath African glaciers /cAnne Dundas. a1st ed. aLondon :bH. F. & Witherby,c1924. a238 p. 0aEthnologyzTanzania.@0000161286 0aTanganyikaxDescription and travel.@0000161278